000 00459nam a22001697a 4500
003 NUST - PNEC
005 20170116180756.0
008 150407b xxu||||| |||| 00| 0 eng d
040 _cLIBRARY
082 _a297.90 AKB
100 _92146
_aAkbar Shah Najeeb Abadi
245 _aTareekh e Islam
_cMaulana Akbar Shah Najeeb Abadi
260 _aLahore:
_bAl Faisal,
_cc2001.
300 _a930 p.:
_c24 cm.
650 _92147
_aIslam, History
942 _2ddc
_cBK
999 _c62774
_d62774